Straight Up Trivia #6: Highest Grossing Films - Statistics

General Stats
  • This quiz has been taken 23 times
  • The average score is 6 of 10
Answer Stats
Hint Answer % Correct
The finale of Avengers: Endgame involves the destruction of Thanos. What character sacrifices himself to disintegrate Thanos? Iron Man/Tony Stark
86%
The Ten Commandments are found in somewhat different forms in what two books of the Bible? Name either. Exodus and Deuteronomy
82%
The soundtrack of E.T. was written by what composer and frequent collaborator of Steven Speilberg? John Williams
68%
Titanic is named for the Titans of Greek myth. The Titans were children of Uranus, the god of the sky, and what primordial goddess of Earth? Gaia
64%
Avatar is based on the Hindu concept idea of an incarnation of a powerful deity on Earth. Avatar means "descent" in what primary language of Hindu religious texts? Sanskrit
59%
Star Wars is about wars over planets, not stars. What is the name of the brightest star in the night sky? It is colloquially known as the Dog Star. Sirius
55%
The Sound of Music features a song about what mountain flower in the daisy family? The flower is a national symbol in many European countries. Its English name comes from the German words for noble and white. Edelweiss
50%
Gone with the Wind is based on a book by what author? Margaret Mitchell
36%
Dr. Zhivago starred what Egyptian actor in the title role of a Russian doctor? Omar Sharif
32%
Star Wars: The Force Awakens starred Adam Driver as the emotionally unstable Kylo Ren. Driver's breakout role was as an emotionally unstable actor in what HBO comedy-drama? Girls
23%
No matching quizzes found
Score Distribution
Percent of People with Each Score
Percentile by Number Answered
Your Score History
You have not taken this quiz